书目信息 |
| 题名: |
清正廉洁
|
|
| 作者: | ;中共党史出版社 编 | |
| 分册: | ||
| 出版信息: | 北京 中国党史出版社 2013.06 |
|
| 页数: | ||
| 开本: | ||
| 丛书名: | 读党史 | |
| 单 册: | ||
| 中图分类: | D261.3 | |
| 科图分类: | ||
| 主题词: | 中国共产党 | |
| 电子资源: | ||
| ISBN: | 7-5098-2133-9 | |
| 000 | 00645nam0 2200205 450 | |
| 001 | 2458045086 | |
| 005 | 20240422082626.48 | |
| 010 | @a7-5098-2133-9@dCNY15.00 | |
| 100 | @a20240419d2013 km y0chiy0120 ea | |
| 101 | 0 | @achi |
| 102 | @aCN@b110000 | |
| 200 | 1 | @a清正廉洁@AQing Zheng Lian Jie@f中共党史出版社编@FZhong Gong Dang Shi Chu Ban She Bian |
| 210 | @a北京@c中国党史出版社@d2013.06 | |
| 225 | 2 | @a读党史@v第13辑 |
| 410 | 0 | @12001 @a读党史 |
| 606 | 0 | @a中国共产党 |
| 690 | @aD261.3@v4 | |
| 711 | 02 | @a中共党史出版社@AZhong Gong Dang Shi Chu Ban She@4编 |
| 801 | 0 | @aCN@b大连网信软件有限公司图书馆·11@c20240422 |
| 905 | @aZUCC@dD261.3@e2040 | |
| 清正廉洁/中共党史出版社编.-北京:中国党史出版社,2013.06 |
| (读党史;第13辑) |
| ISBN 7-5098-2133-9:CNY15.00 |
| ● |
| 相关链接 |
|
|
|
|
正题名:清正廉洁
索取号:D261.3/2040
 
预约/预借
| 序号 | 登录号 | 条形码 | 馆藏地/架位号 | 状态 | 备注 |
| 1 | 1057192 | 210571923 | 廉洁文化教育区/ [索取号:D261.3/2040] | 在馆 |